000 01017nam a2200265Ia 4500
003 OSt
005 20220923220803.0
006 a|||||r|||| 00| 0
007 ta
008 220922b |||||||| |||| 00| 0 hin d
024 _a190,434
037 _cTextual
040 _aARTS
_cARTS
_bhin
041 _2hin
_ahin
082 _aR6v, 152K6;L3
100 _aनरेन्द्रदेव सिंह; शास्त्री, हरिदत्त
_9164613
245 0 _aभारतीय दर्शन शास्त्र का इतिहास
246 _aBhāratīya darshan shāstra kā itihāsa
250 _aसंस्क0 2
260 _aमेरठ
_b साहित्य भण्डार प्रकाशन
_c1973
300 _a466पृ.
_ccm.
650 _aभारतीय दर्शन
942 _hR6v, 152K6;L3
_cTEXL
_2CC
999 _c343209
_d343209